00781nam a22002297a 450000500170000001000130001702000250003003500130005503700160006804000120008408200170009610000190011324501500013226000380028227000430032030000360036350000490039965000270044865000240047570000280049970000240052720170124110212.0 aB-157307 c00.00a9780070590281 aB-157307 bCen Lib/Ret aDPLbEN a005.756bSHE aShee, Richmond aOrcale wait interface :cby Richmond Shee;Kirtikumar Deshpande [and] K. Gopalakrishnanb a practical guide to performance diagnostics & tuning / aNew DelhibTata McGraw Hillc2006 a7, West Patel NagarbNew Delhie110008 axxviii,350p. :c23cm(pbk)bill. aIncludes bibliographical reference and index aOracle (Computer file) aComputer interfaces a Deshpande, Kirtikumar aGopalakrishnan, K.